000 00648nam a2200229Ia 4500
003 OSt
005 20221006164323.0
006 a|||||r|||| 00| 0
007 ta
008 221006b |||||||| |||| 00| 0 eng d
024 _a1,270
037 _cTextual
040 _aFML
_cFML
_beng
041 _2eng
_aeng
082 _aNA4412, J3
100 _aKramrisch Stella Au.
_9620550
245 0 _aDravida and Kerala in the Art of Travancore
260 _aSwitzerland
_bArtibus Asiae Publication Association
_c1961
300 _a50P+44Pl
_ccm.
942 _hNA4412, J3
_cTEXL
_2CC
999 _c1116845
_d1116845